| 000 | 01255cam a2200277 a 4500 | ||
|---|---|---|---|
| 999 |
_c18379 _d18379 |
||
| 001 | 14681409 | ||
| 005 | 20161217113333.0 | ||
| 008 | 061227s2007 caua b 000 0 eng | ||
| 010 | _a 2006103364 | ||
| 020 | _a9780970340757 (alk. paper) | ||
| 040 |
_aDLC _cDLC _dDLC |
||
| 050 | 0 | 0 |
_aNK7304 _b.S55 2007 |
| 100 | 1 |
_aSliwa, Cynthia A., _d1954- |
|
| 245 | 1 | 0 |
_aJewelry savvy : _bwhat every jewelry wearer should know / _cCynthia A. Sliwa, Caroline Stanley. |
| 250 | _a1st ed. | ||
| 260 |
_a[Redondo Beach, CA] : _bJewels on Jewels, Inc., _cc2007. |
||
| 300 |
_a224 p. : _bill. ; _c26 cm. |
||
| 504 | _aIncludes bibliographical references (p. 213). | ||
| 650 | 0 |
_aJewelry _vHandbooks, manuals, etc. |
|
| 700 | 1 |
_aStanley, Caroline, _d1964- |
|
| 856 | 4 | 1 |
_3Table of contents only _uhttp://www.loc.gov/catdir/toc/ecip077/2006103364.html |
| 906 |
_a7 _bcbc _corignew _d1 _eecip _f20 _gy-gencatlg |
||
| 942 |
_2ddc _cBOOKS _hNK7304 .S55 2007 |
||